| 000 | 00443nam a2200181Ia 4500 | ||
|---|---|---|---|
| 008 | 210210b2005 xxu||||| |||| 00| 0 eng d | ||
| 082 | _a658.001 APPE | ||
| 100 | _aAPPANNAIAH (H R) | ||
| 245 | _aEconomics for business | ||
| 260 |
_aMumbai _bHimalaya Publishing House _c2005 |
||
| 300 | _a503 | ||
| 650 | _afor | ||
| 650 | _aEconomics | ||
| 650 | _abusiness | ||
| 690 | _aBusiness Economics | ||
| 700 | _aREDDY (P N) | ||
| 906 | _a060222 | ||
| 999 |
_c107430 _d107430 |
||